| 000 | 00432nam a2200145Ia 4500 | ||
|---|---|---|---|
| 008 | 211109s9999||||xx |||||||||||||| ||und|| | ||
| 082 |
_a894.8121 _bAKK-I |
||
| 100 | _aAkkitham Achyuthan, Nambudiri | ||
| 245 | 0 | _aIrupatham Noottandinte Ithihasam | |
| 260 |
_bMathrubhumi Printing _aCalicut _c1987 |
||
| 300 | _a42p | ||
| 630 | _xGENERAL STACK | ||
| 650 |
_aMALAYALAM _vMALAYALAM LITERATURE _xMALAYALAM POETRYCommerce |
||
| 942 | _cBOOK | ||
| 999 |
_c39409 _d39409 |
||